MDQL
is popping MORE tags! Check the
thread
!
Quizzes
Events
Quiz Creation
Community
Videos
Private Events
Remove Ads
Sign In
Join for FREE
Feedback
Dark Mode
Quiz Categories
Sports
Geography
Music
Movies
Television
Just For Fun
Miscellaneous
History
Literature
Language
Science
Gaming
Entertainment
Religion
Holiday
For Kids
Quiz Lab
Recent
Popular Today
Quiz Kudos Today
Editor Picks
Curator Picks
Quizzes by...
Day
Popularity
Type
Ratings
Length
Year
Community
Subscriptions
Recent Discussions
Orange Saloon
Badges
Playlists
Quests
Create
Leaderboards
Showdown
Live 5
Trivia Bingo
Activity
Puzzle Library
Sporcle Events
Private Events
Virtual Trivia
Globe League
Become a Host
Pub Owners
SporcleCon
Opinionation
Our Games
Videos
Blog
Mobile Apps
Partnerships
Remove Ads and Go Orange
Feedback
Sports
Athletes
MLB
NBA
NHL
NFL
Soccer
Sports Teams
WWE
NCAA
Football
Premier League
Basketball
Baseball
Hockey
Golf
Tennis
Cricket
Rugby
Auto Racing
Olympics
World Cup
Sports
Athletes
MLB
NBA
NHL
NFL
Soccer
Sports Teams
WWE
NCAA
Football
Premier League
Basketball
Baseball
Hockey
Golf
Tennis
Cricket
Rugby
Auto Racing
Olympics
World Cup
Random Quiz
Search Sporcle
×
Quiz Lab
Quiz Lab
Sports
bremen
Type in answers that appear in a list
Type in answers that appear in a list
Classic
Best Score? Go Orange.
Werder Bremen: Top 10 scorers since 2000 Stats
Can you name the Werder Bremen: Top 10 scorers since 2000?
By
jordy_
6m
140 Questions
224 Plays
224 Plays
224 Plays
Comments
Comments
Give Quiz Kudos
Give Quiz Kudos
-
- Ratings
hide this ad
More Info
Replay
Link that replays current quiz
Next Quiz
Link to next quiz in quiz playlist
You Got
0%
They Got
Avg Score
63%
Avg Friend Score
Upgrade to see
Score Distribution
Jump to the score distribution portion of the page
Score
0/140
Timer
06:00
0
Plays Today
Hint
Answer
% Correct
2000/
01
Claudio Pizarro
93.8%
2008/
09
Claudio Pizarro
93.8%
2009/
10
Claudio Pizarro
93.8%
2010/
11
Claudio Pizarro
93.8%
2011/
12
Claudio Pizarro
93.8%
2004/
05
Miroslav Klose
92.4%
2005/
06
Miroslav Klose
92.4%
2006/
07
Miroslav Klose
92.4%
2000/
01
Ailton
91.5%
2001/
02
Ailton
91.5%
2002/
03
Ailton
91.5%
2003/
04
Ailton
91.5%
2006/
07
Diego
88.8%
2007/
08
Diego
88.8%
2008/
09
Diego
88.8%
2000/
01
Torsten Frings
88.4%
2001/
02
Torsten Frings
88.4%
2005/
06
Torsten Frings
88.4%
2008/
09
Torsten Frings
88.4%
2009/
10
Torsten Frings
88.4%
2010/
11
Torsten Frings
88.4%
2006/
07
Markus Rosenberg
83.9%
2007/
08
Markus Rosenberg
83.9%
2008/
09
Markus Rosenberg
83.9%
2011/
12
Markus Rosenberg
83.9%
2005/
06
Naldo
83.5%
2006/
07
Naldo
83.5%
2007/
08
Naldo
83.5%
2008/
09
Naldo
83.5%
2009/
10
Naldo
83.5%
2011/
12
Naldo
83.5%
2002/
03
Johan Micoud
83%
2003/
04
Johan Micoud
83%
2004/
05
Johan Micoud
83%
2005/
06
Johan Micoud
83%
2003/
04
Ivan Klasnic
82.6%
2002/
03
Ivan Klasnic
82.6%
2004/
05
Ivan Klasnic
82.6%
2005/
06
Ivan Klasnic
82.6%
2007/
08
Ivan Klasnic
82.6%
2004/
05
Tim Borowski
81.7%
2005/
06
Tim Borowski
81.7%
2006/
07
Hugo Almeida
81.7%
2007/
08
Hugo Almeida
81.7%
2007/
08
Tim Borowski
81.7%
2008/
09
Hugo Almeida
81.7%
2009/
10
Hugo Almeida
81.7%
Hint
Answer
% Correct
2009/
10
Tim Borowski
81.7%
2010/
11
Hugo Almeida
81.7%
2006/
07
Per Mertesacker
81.3%
2008/
09
Per Mertesacker
81.3%
2009/
10
Per Mertesacker
81.3%
2010/
11
Per Mertesacker
81.3%
2008/
09
Mesut Ozil
80.4%
2009/
10
Mesut Ozil
80.4%
2006/
07
Aaron Hunt
78.6%
2008/
09
Aaron Hunt
78.6%
2009/
10
Aaron Hunt
78.6%
2010/
11
Aaron Hunt
78.6%
2011/
12
Aaron Hunt
78.6%
2012/
13
Aaron Hunt
78.6%
2013/
14
Aaron Hunt
78.6%
2000/
01
Frank Baumann
76.8%
2003/
04
Frank Baumann
76.8%
2005/
06
Frank Baumann
76.8%
2000/
01
Marco Bode
72.8%
2001/
02
Marco Bode
72.8%
2009/
10
Marko Marin
67.4%
2010/
11
Marko Marin
67.4%
2009/
10
Clemens Fritz
66.5%
2011/
12
Clemens Fritz
66.5%
2010/
11
Marko Arnautovic
66.1%
2011/
12
Marko Arnautovic
66.1%
2012/
13
Marko Arnautovic
66.1%
2003/
04
Nelson Valdez
65.2%
2004/
05
Nelson Valdez
65.2%
2005/
06
Nelson Valdez
65.2%
2000/
01
Fabian Ernst
64.3%
2001/
02
Fabian Ernst
64.3%
2002/
03
Fabian Ernst
64.3%
2003/
04
Fabian Ernst
64.3%
2012/
13
Zlatko Junuzovic
64.3%
2013/
14
Zlatko Junuzovic
64.3%
2012/
13
Nils Petersen
62.9%
2013/
14
Nils Petersen
62.9%
2003/
04
Valerien Ismael
57.6%
2004/
05
Valerien Ismael
57.6%
2005/
06
Daniel Jensen
57.6%
2006/
07
Daniel Jensen
57.6%
2007/
08
Daniel Jensen
57.6%
2012/
13
Kevin de Bruyne
56.7%
2007/
08
Boubacar Sanogo
55.8%
2001/
02
Krisztian Lisztes
54.9%
2003/
04
Krisztian Lisztes
54.9%
Hint
Answer
% Correct
2007/
08
Petri Pasanen
54.5%
2013/
14
Franco di Santo
54.5%
2000/
01
Mladen Krstajic
53.6%
2001/
02
Mladen Krstajic
53.6%
2002/
03
Mladen Krstajic
53.6%
2003/
04
Mladen Krstajic
53.6%
2013/
14
Eljero Elia
53.6%
2002/
03
Angelos Charisteas
50.9%
2003/
04
Angelos Charisteas
50.9%
2004/
05
Angelos Charisteas
50.9%
2000/
01
Andreas Herzog
48.2%
2013/
14
Philipp Bargfrede
48.2%
2010/
11
Sebastian Prodl
47.3%
2011/
12
Sebastian Prodl
47.3%
2013/
14
Sebastian Prodl
47.3%
2001/
02
Paul Stalteri
46%
2004/
05
Christian Schulz
46%
2001/
02
Viktor Skripnik
43.3%
2012/
13
Theodor Gebre Sellasie
39.7%
2013/
14
Theodor Gebre Sellasie
39.7%
2006/
07
Jurica Vranjes
38.4%
2002/
03
Ludovic Magnin
33.9%
2004/
05
Ludovic Magnin
33.9%
2010/
11
Sandro Wagner
33.5%
2013/
14
Santiago Garcia
33%
2000/
01
Rade Bogdanovic
32.6%
2000/
01
Frank Verlaat
30.8%
2001/
02
Frank Verlaat
30.8%
2002/
03
Frank Verlaat
30.8%
2006/
07
Pierre Wome
30.8%
2011/
12
Wesley
29%
2011/
12
Sokratis Papastathopoulos
27.2%
2002/
03
Markus Daun
26.8%
2004/
05
Mohamed Zidan
25.9%
2012/
13
Assani Lukimya
25.4%
2011/
12
Mehmet Ekici
24.1%
2012/
13
Mehmet Ekici
24.1%
2010/
11
Mikael Silvestre
21%
2013/
14
Felix Kroos
20.5%
2012/
13
Niclas Fullkrug
13.8%
2007/
08
Leon Andreasen
11.6%
2008/
09
Alexandros Tziolis
10.7%
2001/
02
Frank Rost
10.3%
2012/
13
Joseph Akpala
7.6%
2002/
03
Holger Wehlage
7.1%
2005/
06
Jelle van Damme
6.7%
Quiz Playlist
Details
Report
Send in Message
Add To Playlist
More Info:
Name the top 10 scorers for Werder Bremen in the bundesliga since 2000.
Classic:
Type in answers that appear in a list
Last Updated: May 5, 2017
Quiz Scoreboard
CHALLENGE
Sign Up to Join the Scoreboard
Show All
Scores
Hide
Comments
May contain spoilers
Recently Published
Colored Red Africa Blitz
by spor1
Geography
30s
Find the 'City' Movie
by crazypaving
Movies
60s
5x2 Blitz: Bands
by SL_Kpop136
Music
30s
More to Explore
Quiz From the Vault
Featured Blog Post
14 Easter Pick-up Lines to Find Eggs With
hide this ad
You Might Also Like...
Tags
2000
bremen
Scorer
Top 10
Werder
Today's Top Quizzes in Sports
Browse Sports
hide this ad
Top Contributed Quizzes in Sports
1
Players with Multiple 50 Home Run Seasons
2
Les entraîneurs de l'OM et du PSG au 21e siècle
3
Criteria MLB: Left Handed Sluggers
4
2022 World Cup Stars
5
Les meilleurs buteurs des matchs entre le PSG et l’OM
6
Who Hit More Homers?
7
Les joueurs passés par le PSG et l'OM
8
NBA Logic Puzzle 2.0
9
Top 10 NHL Goal Scorers of All Time
10
MLB Players with Two .350 Batting Average Seasons
Explore More
Trending Topics
Kpop
Disney
NBA
Crossword
Marvel
Harry Potter
Anime
The Office
Country
Pokémon
NFL
Puzzle
Soccer
WWE
Song
hide this ad
More By:
jordy_
Quiz
Plays
Rating
Category
Featured
Created
Dutch Eredivisie Champions XI's
10,100
4.69
Sports
Feb 15, 2013
100 Soccer Legends of the 00's
8,148
4.05
Sports
Jun 25, 2012
Premier League: Club topscorer by year
5,771
5.00
Sports
Jan 24, 2019
Eredivisie Yes or No?
5,706
4.86
Sports
Nov 4, 2013
100 Soccer Legends of the 90's
4,512
4.00
Sports
Jun 25, 2012
Go to Creator's Profile
Score Distribution
Quiz Creator Spotlight
jordy_
Follow
Send a Message
Quizzes Created
-
Created Quiz Play Count
-
More By This Creator
Popular Quizzes Today
1
Find the 'City' Movie
2
Colored Red Africa Blitz
3
Find the US States - No Outlines Minefield
4
5x2 Blitz: Bands
5
The Countries of the World
6
Find the US States
7
US States
8
9x9 Crossword: Cartoon Network
More Sports Quizzes
Click the clubs of Jermain Defoe
Quiz Lab
Trending Quizzes
Colored Red Europe Blitz I
Colored Red Europe Blitz II
Colored Red Africa Blitz II
Colored Red Africa Blitz III
Colored Red Europe Blitz III
Recently Updated
2024 March Madness Bracket
pecheneg
Famous TV Couples
Peacemaker
Champions League XIs: Real Madrid
pecheneg
Largest US Cities 1790-2010
pecheneg
Rides in Walt Disney World
pecheneg
Most Oscar Losses (Acting)
pecheneg
Beyoncé Albums
pecheneg
Leaping Animals
pecheneg
Reality TV Shows (A-Z)
bhenderson79
Rickey Henderson's Hall of Fame Teammates
pecheneg
Trending Topics
Disney
Harry Potter
NBA
Marvel
Anime
Kpop
Crossword
The Office
WWE
Song
Soccer
Pokémon
Puzzle
Country
NFL
Your Account Isn't Verified!
In order to create a playlist on Sporcle, you need to verify the email address you used during registration. Go to your
Sporcle Settings
to finish the process.
Report this User
Report this user for behavior that violates our
Community Guidelines
.
Details:
Send Report
Go to the Sporcle.com Mobile Site →
Comments